Quiz sur Raiponce (Disney) - Statistiques

Statistiques générales
  • Ce quiz a été pris 6 557 fois
  • Le résultat moyen est 10 sur 16
Statistiques - réponses
Question Réponse % Correct
Quel animal est Pascal ? Un caméléon
96%
Quelle partie du corps de Flynn n'est jamais bien dessinée sur les avis de recherches ? Son nez
95%
Quelle "arme" Raiponce utilise-t-elle pour assommer Flynn ? Une poêle à frire
95%
Quel objet Flynn vole-t-il au début du film ? Une couronne
92%
Qu'est-ce que Pascal glisse dans l'oreille de Flynn pour le réveiller ? Sa langue
91%
Avec quoi Flynn coupe-t-il les cheveux de Raiponce ? Un morceau de verre
80%
Comment s'appelle le cheval blanc de la garde ? Maximus
77%
Comment s'appelle la femme ayant kidnappée la jeune princesse Raiponce ? Mère Gothel
71%
Dans quoi Raiponce cache-t-elle la sacoche de Flynn au départ ? Un pot
70%
À la fin du film, grâce au cheval blanc, les criminels se font rare dans le royaume. "Et les ... aussi." pommes
48%
Quel est le nom de la taverne où Flynn emmène Raiponce ? La taverne du {canard} {boiteux}
41%
Quel brigand "collectionne les petites licornes" ? Vladimir
37%
Quel est le titre de la chanson que Raiponce et Flynn chantent pendant le lancer de lanternes ? Je veux y croire
30%
Complétez la toute première phrase du film : "Voici l'histoire de ... ..." ma mort
28%
Quel est le vrai nom de Flynn Rider ? Eugène Fitzherbert
20%
Quel brigand "adore le mime" ? Ulf
11%
Aucun quiz correspondant
Distribution des résultats
% des personnes avec chaque résultat
Percentile par nombre de réponses
Votre historique - résultats
Vous n’avez pas pris ce quiz